Historia del arte y de la Arquitectura Latinoamericana: Desde la Epoca Precolombina hasta hoy (Record no. 15250)

MARC details
000 -LEADER
campo de control de longitud fija 00375nam a2200121Ia 4500
008 - DATOS DE LONGITUD FIJA--INFORMACIÓN GENERAL
campo de control de longitud fija 231129s9999||||xx |||||||||||||| ||spa||
040 ## - FUENTE DE CATALOGACIÓN
Lengua de catalogación spa
082 ## - NÚMERO DE LA CLASIFICACIÓN DECIMAL DEWEY
Número de clasificación 709.011 C347h
100 ## - ENTRADA PRINCIPAL--NOMBRE DE PERSONA
Nombre de persona Castedo Leopoldo
245 #0 - MENCIÓN DEL TÍTULO
Título Historia del arte y de la Arquitectura Latinoamericana: Desde la Epoca Precolombina hasta hoy
264 ## - PRODUCCIÓN, PUBLICACIÓN, DISTRIBUCIÓN, FABRICACIÓN Y COPYRIGHT
Producción, publicación, distribución, fabricación y copyright Cí­rculo de Lectores; Pomaire
942 ## - ELEMENTOS DE ENTRADA SECUNDARIOS (KOHA)
Fuente del sistema de clasificación o colocación Clasificación Decimal Dewey
Tipo de ítem Koha
Holdings
Estatus retirado Estado de pérdida Fuente del sistema de clasificación o colocación Estado de daño No para préstamo Biblioteca de origen Biblioteca actual Fecha de adquisición Total de préstamos Signatura topográfica completa Código de barras Visto por última vez Copia número Precio de reemplazo Tipo de ítem Koha
    Clasificación Decimal Dewey     BIBLIOTECA PÚBLICA MUNICIPAL RAMON CORREA MEJIA BIBLIOTECA PÚBLICA MUNICIPAL RAMON CORREA MEJIA 11/06/2013   709.011 C347h 23391 29/11/2023 1 29/11/2023 Libros

Powered by Koha